[Event "Ruhrgebiet Verbandsliga Gruppe 1 1617"]
[Site "Germany"]
[Date "2016.09.25"]
[Round "2.5"]
[White "Krabbe, Christian"]
[Black "Pahne, Dirk"]
[Result "1-0"]
[WhiteElo "1966"]
[BlackElo "1881"]
[PlyCount "35"]
[EventDate "2016.09.04"]
[EventType "team-tourn"]
[EventRounds "9"]
[EventCountry "GER"]
[SourceTitle "EXT 2022"]
[Source "ChessBase"]
[SourceDate "2021.10.06"]
[SourceVersion "1"]
[SourceVersionDate "2021.10.06"]
[SourceQuality "1"]
[WhiteTeam "Kamen SV II"]
[BlackTeam "Eving SV Rochade"]
[WhiteTeamCountry "GER"]
[BlackTeamCountry "GER"]

1. Nf3 b6 2. g3 Bb7 3. Bg2 g6 4. d3 Bg7 5. e4 d6 6. c3 e5 7. a4 a5 8. 0-0 Ne7 9. Re1 0-0 10. Na3 Nd7 11. d4 h6 12. h4 exd4 13. Nxd4 Nc5 14. Nc4 d5 15. exd5 Bxd5 16. Bxd5 Nxd5 17. Nc6 Qd7 18. Qxd5 1-0

[Event "Ruhrgebiet Verbandsliga Gruppe 1 1617"]
[Site "Germany"]
[Date "2016.09.04"]
[Round "1.5"]
[White "Buschmann, Andreas"]
[Black "Krabbe, Christian"]
[Result "1/2-1/2"]
[WhiteElo "1999"]
[BlackElo "1966"]
[PlyCount "24"]
[EventDate "2016.09.04"]
[EventType "team-tourn"]
[EventRounds "9"]
[EventCountry "GER"]
[SourceTitle "EXT 2022"]
[Source "ChessBase"]
[SourceDate "2021.10.06"]
[SourceVersion "1"]
[SourceVersionDate "2021.10.06"]
[SourceQuality "1"]
[WhiteTeam "Horst Emscher"]
[BlackTeam "Kamen SV II"]
[WhiteTeamCountry "GER"]
[BlackTeamCountry "GER"]

1. d4 d6 2. c4 g6 3. Nc3 Bg7 4. e4 Nf6 5. f3 0-0 6. Be3 Nbd7 7. Bd3 c5 8. Nge2 e6 9. 0-0 Re8 10. Qd2 cxd4 11. Nxd4 d5 12. Ndb5 Ne5 1/2-1/2

[Event "Ruhrgebiet Verbandsklasse Gruppe 1 1516"]
[Site "Germany"]
[Date "2015.11.08"]
[Round "3.5"]
[White "Berkenbusch, Udo"]
[Black "Krabbe, Christian"]
[Result "0-1"]
[WhiteElo "1708"]
[BlackElo "1965"]
[PlyCount "54"]
[EventDate "2015.09.06"]
[EventType "team-tourn"]
[EventRounds "9"]
[EventCountry "GER"]
[SourceTitle "EXT 2022"]
[Source "ChessBase"]
[SourceDate "2021.10.06"]
[SourceVersion "1"]
[SourceVersionDate "2021.10.06"]
[SourceQuality "1"]
[WhiteTeam "Bottrop SV II"]
[BlackTeam "Kamen SV II"]
[WhiteTeamCountry "GER"]
[BlackTeamCountry "GER"]

1. d4 d6 2. c4 g6 3. Nc3 Bg7 4. e4 Nf6 5. Nf3 0-0 6. Be2 e5 7. dxe5 dxe5 8. Qxd8 Rxd8 9. Nxe5 Nxe4 10. Nxf7 Bxc3+ 11. bxc3 Kxf7 12. Bf3 Nc5 13. 0-0 Be6 14. Bg5 Re8 15. Rfe1 Nbd7 16. Rab1 Bxc4 17. Red1 Nb6 18. Be3 Ne6 19. Bxb7 Rad8 20. Re1 Bd5 21. Ba6 Bxa2 22. Ra1 Bc4 23. Bb7 Bd5 24. Ba6 Bc4 25. Bb7 a6 26. Bc6 Re7 27. Ra5 Bd5 0-1

[Event "NRW Verbandsklasse Group3 1314"]
[Site "Nordrheinwestfalen"]
[Date "2014.02.16"]
[Round "7"]
[White "Krabbe, Christian"]
[Black "Wortmann, Dirk"]
[Result "1/2-1/2"]
[WhiteElo "1969"]
[BlackElo "1975"]
[PlyCount "29"]
[EventDate "2013.09.08"]
[EventType "team-tourn"]
[EventRounds "9"]
[EventCountry "GER"]
[SourceTitle "EXT 2020"]
[Source "ChessBase"]
[SourceDate "2019.10.17"]
[SourceVersion "1"]
[SourceVersionDate "2019.10.17"]
[SourceQuality "1"]
[WhiteTeam "Kamen SV II"]
[BlackTeam "Oberhausen SV II"]
[WhiteTeamCountry "GER"]
[BlackTeamCountry "GER"]

1. Nf3 d5 2. g3 c5 3. Bg2 Nc6 4. d3 e5 5. 0-0 f6 6. c4 Nge7 7. Nbd2 Be6 8. e3 Qd7 9. cxd5 Bxd5 10. Nb3 Ng6 11. d4 c4 12. Nc5 Bxc5 13. dxc5 Rd8 14. Qa4 0-0 15. b3 1/2-1/2

[Event "Ruhrgebiet Regionalliga 0304"]
[Site "Ruhrgebiet"]
[Date "2004.05.02"]
[Round "9.8"]
[White "Krabbe, Christian"]
[Black "Nachbar, Benjamin"]
[Result "1/2-1/2"]
[WhiteElo "2015"]
[BlackElo "2001"]
[PlyCount "60"]
[EventDate "2003.10.05"]
[EventType "team"]
[EventRounds "9"]
[EventCountry "GER"]
[SourceTitle "EXT 2007"]
[Source "ChessBase"]
[SourceDate "2006.11.23"]
[SourceVersion "1"]
[SourceVersionDate "2006.11.23"]
[SourceQuality "1"]
[WhiteTeam "Kamen"]
[BlackTeam "Dortmund Hansa II"]
[WhiteTeamCountry "GER"]
[BlackTeamCountry "GER"]

1. Nf3 d5 2. g3 Nf6 3. Bg2 Bf5 4. 0-0 e6 5. d3 h6 6. Nbd2 Be7 7. e3 0-0 8. Qe2 Bh7 9. b3 c5 10. Bb2 Nc6 11. Ne5 Nxe5 12. Bxe5 Nd7 13. Bb2 Bf6 14. Bxf6 Qxf6 15. e4 dxe4 16. dxe4 Qe7 17. f4 Rad8 18. Nc4 Nb6 19. Nxb6 axb6 20. Rad1 Rxd1 21. Rxd1 Rd8 22. Rd3 Kf8 23. Qd1 Ke8 24. Kf2 Rxd3 25. Qxd3 Qd7 26. Ke3 Bg6 27. Bf3 Qxd3+ 28. Kxd3 f6 29. Kc4 Kd7 30. g4 Kc7 1/2-1/2